000 02213cam a22005174i 4500
003 PE-LiUPU
005 20250731173119.0
008 150623s r 000 0 d
020 _a8430114394
035 _a(Sirsi) i9788430114399
035 _a(Sirsi) i9788430114399
040 _aPE-LiUPU
_bspa
_cPE-LiUPU
_erda
049 _aPRUA
082 0 4 _a221.07
_bM51
_221
245 0 0 _aMetodología del Antiguo Testamento /
_cEditado por Horacio Simian-Yofre ; colaboran, Innocenzo Gargano .. [et al. ; tradujo, Alfonso Ortiz García].
264 1 _aSalamanca :
_bSígueme,
_c2001.
300 _a249 páginas ;
_c21 centímetros
336 _atext
_2rdacontent
337 _aunmediated
_2rdamedia
338 _avolume
_2rdacarrier
490 0 _aBiblioteca de Estudios Bíblicos ;
_v106
504 _aIncluye bibliografía.
505 0 _aCómo leer el Antiguo Testamento?. El texto del Antiguo Testamento. Diacronía. Ls métodos histórico-críticos. Acronía. los métodos estructuralistas. Sincronía. El método narrativo. Ana-cronía y sincronía. Hermenéutica y pragmática. La metodología exegética de los Padres.
526 _aSEG42
526 _aSEG41
526 _aSEG40
526 _aSEG39
526 _aP94
526 _aP87
526 _aP86
526 _aP85
526 _aP77
526 _aP76
526 _aP35
541 _g006-0037348;
630 _aBiblia.
_pA.T.
_xHermenéutica.
700 1 _aSimian-Yofre, Horacio,
_eed.
942 _2ddc
_cBOOK
949 _a221.07 M51
_wDEWEY
_c1
_i60995
_lCCODEBUL1
_mBUL
_p22.00
_r0
_sY
_tBOOK
_u2015-6-24
_xTEOLOGIA
_PP35
_0COMPRA
_o.STAFF. Colección General
949 _a221.07 M51
_wDEWEY
_c2
_i50410
_lCCODEBUL1
_mBUL
_r0
_sY
_tBOOK
_u2015-6-24
_xTEOLOGIA
_PP35
_0COMPRA
_o.STAFF. Colección General
994 _aC0
_bPEPRU
596 _a1
999 _a221.07 M51
_wDEWEY
_c32247
_i60995
_lLOST
_mBUL
_p22.00
_r1
_sY
_tBOOK
_u2015-6-24
_xTEOLOGIA
_PP35
_0COMPRA
_o.STAFF. Colección General
_d32247
999 _a221.07 M51
_wDEWEY
_c2
_i50410
_f2021-11-9
_g5
_lCCODEBUL1
_mBUL
_r0
_sY
_tBOOK
_u2015-6-24
_xTEOLOGIA
_PP35
_0COMPRA
_o.STAFF. Colección General
980 _81
_gALBERTO SANCHEZ Responsable de Automatización